| 000 | 00763cam a2200229 i 4500 | ||
|---|---|---|---|
| 003 | OSt | ||
| 005 | 20260428124219.0 | ||
| 008 | 770301r19761676pk abf b 001 0aeng | ||
| 020 | _a8175362065 | ||
| 040 | _cHDL | ||
| 041 | 1 | _aeng | |
| 082 | 0 | 0 | _a915.4 P0 |
| 100 | 1 |
_aTavernier, Jean-Baptiste, _91235887 |
|
| 240 | 1 | 0 |
_aSix voyages de Jean-Baptiste Tavernier. _lEnglish |
| 245 | 1 | 0 |
_aTravels in India / _cby Jean Baptice Tavernier ; translated from original French edition of 1676, with a biographical sketch of the author, notes, appendices, etc. by V. Ball. |
| 260 |
_aDelhi _bLow Price Publication _c2000 |
||
| 300 | _a399p. | ||
| 650 | _2Travels | ||
| 651 | 0 |
_aIndia _xDescription and travel _91235888 |
|
| 942 |
_2CC _cTEXL _n0 |
||
| 999 |
_c1848598 _d1848598 |
||